[Event "IOM Open-Masters 2017"]
[Site "Douglas"]
[Date "2017.09.26"]
[Round "4"]
[White "L'Ami, Erwin"]
[Black "Neelotpal, Das"]
[Result "1-0"]
[WhiteElo "2611"]
[BlackElo "2448"]
[Annotator "TA"]
[PlyCount "71"]
[EventDate "2017.??.??"]
[EventType "swiss"]
[EventCountry "GBR"]
[SourceTitle "playchess.com"]
[Source "ChessBase"]
[SourceQuality "1"]

{[%evp 9,71,11,7,7,7,2,9,12,8,-10,0,-14,0,-16,-5,0,19,14,27,-7,75,79,90,77,94,79,84,50,98,90,125,27,26,30,187,179,183,189,169,122,233,220,217,212,235,231,214,220,330,329,404,408,416,408,407,395,416,416,416,416,405,355,436,407]} 1. c4 e5 2. Nc3 Bb4 3. Nd5 Nc6 (3... Bc5 4. b4 Bf8 5. Bb2 c6 6. Ne3 Bxb4 7. Bxe5 Nf6 8. g3 O-O 9. Bg2 Re8 10. Nf3 d6 11. Bb2 Nbd7 12. O-O Ne5 {1-0 (34) Aronian,L (2793)-Anand,V (2786) Leuven 2017}) 4. a3 Bd6 5. e3 Nf6 6. Nxf6+ $146 {A21: English Opening: 1...e5 2 Nc3} ({Predecessor:} 6. b4 a5 7. b5 Nxd5 8. cxd5 Ne7 9. Bc4 O-O 10. Bb2 c6 11. dxc6 dxc6 {½-½ (28) Willmann,B (1509)-Hammerschmidt,V (1816) LSS email 2012}) 6... Qxf6 7. Ne2 O-O 8. Nc3 {The position is equal.} Qg6 9. b4 {[%cal Bb2b4,Bb4b5][%mdl 32]} b6 10. Bb2 Bb7 {White must now prevent ...Nd4!} 11. Nb5 a5 12. Nxd6 cxd6 13. b5 Ne7 14. f3 Rfe8 (14... Nf5 $11) 15. e4 $1 $16 f5 {[#]} 16. d3 $1 Rac8 17. Rc1 Rf8 18. Qd2 Ba8 19. a4 Qf6 20. g3 (20. Qe3 $16) 20... fxe4 $11 21. fxe4 Rf7 $2 {[#]} (21... Nf5 $1 $11 {and Black stays safe.}) 22. Bg2 $1 $18 Rcf8 {Threatens to win with ...Qf2+.} 23. Rc2 Ng6 24. Qe3 Qd8 (24... Qe7 $16 {was worth a try.} 25. Qxb6 d5 26. exd5 (26. cxd5 Qb4+ 27. Kd1 Qxa4 $16) 26... Qb4+ 27. Ke2 (27. Kd1 d6 $16) 27... Qxa4) 25. Rf1 Rxf1+ 26. Bxf1 Qc7 27. Ba3 Rf6 28. Rf2 Rxf2 (28... d5 $142 29. Rxf6 (29. exd5 Bxd5 30. Be2 Ba8 $18) 29... gxf6) 29. Kxf2 ({Not} 29. Qxf2 Nf8 $16) 29... Nf8 30. Qg5 Kf7 31. Qh5+ g6 32. Qh4 h5 33. g4 hxg4 34. Be2 Bb7 35. Kg3 Bc8 36. Bxg4 {Precision: White = 81%, Black = 32%.} 1-0

[Event "IOM Open-Masters 2017"]
[Site "Douglas"]
[Date "2017.09.26"]
[Round "4"]
[White "Sokolov, Ivan"]
[Black "Trent, Lawrence"]
[Result "1-0"]
[WhiteElo "2603"]
[BlackElo "2427"]
[Annotator "TA"]
[PlyCount "64"]
[EventDate "2017.??.??"]
[EventType "swiss"]
[EventCountry "GBR"]
[SourceTitle "playchess.com"]
[Source "ChessBase"]
[SourceQuality "1"]

{[%evp 9,64,27,25,19,44,39,47,0,0,0,0,0,0,0,0,0,0,6,6,4,20,0,49,49,54,31,39,27,34,45,43,59,93,50,85,79,98,85,72,3,22,0,51,40,83,62,67,0,0,0,190,138,143,33,393,374,1040]} 1. d4 d5 2. c4 e5 3. dxe5 d4 4. a3 Nc6 5. e3 Nh6 (5... Nge7 6. b4 Be6 7. Nf3 dxe3 8. Qxd8+ Rxd8 9. fxe3 Ng6 10. Bb2 Be7 11. Nbd2 O-O 12. Be2 Rfe8 13. O-O-O {½-½ (36) Kempinski,R (2647)-Pakleza,Z (2515) Poland 2015}) 6. Nf3 $146 {[%cal Re3d4] D07: Queen's Gambit: Chigorin Defence} ({Predecessor:} 6. exd4 Qxd4 7. Nc3 Qxe5+ 8. Qe2 Bg4 9. f3 Be6 10. Bxh6 gxh6 11. O-O-O Bg7 12. Nh3 Qc5 13. Nb5 {½-½ (52) Note,F (1980)-Rivet,C (1784) Maisons Alfort 2015}) 6... Bg4 7. Be2 {[%cal Re3d4]} dxe3 8. Qxd8+ {White is slightly better.} Rxd8 9. Bxe3 Nf5 10. Bg5 Be7 11. Bxe7 Nfxe7 12. Nc3 Bxf3 13. Bxf3 Nxe5 14. Bxb7 Rb8 15. Ba6 $36 {[%mdl 2048] Strongly threatening 0-0-0. Black is under pressure.} Nd3+ 16. Ke2 Nc5 $1 17. Bb5+ c6 18. b4 Nb3 19. Rad1 {Hoping for Ba4.} cxb5 20. Nxb5 {Black must now prevent Rd3.} O-O 21. Kd3 {[%mdl 1024] Threatens to win with Kc3. White has strong compensation.} a6 22. Nd6 $1 a5 23. Kc3 $1 {[%cal Rc3b3]} a4 24. c5 (24. Rhe1 $1 $16 {[%cal Re1e7]} Nc6 25. Nf5) 24... Nc6 25. Rhe1 f6 (25... Rfd8 $11) 26. f4 $14 h5 27. Kc4 Rfd8 28. h4 (28. g3 $14) 28... Kf8 $11 29. Rd5 g6 $2 (29... Nca5+ $11 {and Black is okay.} 30. bxa5 Nxa5+ 31. Kd3 Rb3+ 32. Ke4 Rxa3) 30. Rd3 ({Better is} 30. Re6 $1 $18 {[%cal Re6f6]} Kg7 31. Rd1) 30... Kg8 31. Kd5 {[#]} (31. Re6 $16) 31... Na7 $2 {[%mdl 8192] [#]} ({Black should try} 31... Nxb4+ $1 $14 {[%mdl 512]} 32. axb4 Rxb4) 32. Rg3 $1 $18 Kh7 $2 {Precision: White = 59%, Black = 33%.} (32... g5 33. hxg5 (33. fxg5 f5 $16) 33... Nb5) 1-0

[Event "IOM Open-Masters 2017"]
[Site "Douglas"]
[Date "2017.09.26"]
[Round "4"]
[White "Bindrich, Falko"]
[Black "Zatonskih, Anna"]
[Result "1/2-1/2"]
[WhiteElo "2598"]
[BlackElo "2424"]
[Annotator "TA"]
[PlyCount "125"]
[EventDate "2017.??.??"]
[EventType "swiss"]
[EventCountry "GBR"]
[SourceTitle "playchess.com"]
[Source "ChessBase"]
[SourceQuality "1"]

{[%evp 25,125,8,14,11,27,37,38,25,19,11,6,-12,-3,-37,-7,-4,-14,-9,0,0,7,7,6,0,4,4,4,4,4,4,29,29,29,28,29,29,35,35,35,39,35,35,35,35,35,21,21,16,37,1,1,0,19,18,18,18,18,18,18,12,12,12,12,12,12,12,12,12,12,12,12,12,12,12,12,12,12,0,12,12,12,0,0,0,0,0,0,0,0,0,0,0,0,0,0,0,0,0,0,0,0,0]} 1. d4 d5 2. c4 e6 3. Nc3 Be7 4. Nf3 Nf6 5. Bf4 O-O 6. e3 c5 7. dxc5 Bxc5 8. cxd5 Nxd5 9. Nxd5 exd5 10. Bd3 Bb4+ {D37: Queen's Gambit Declined: 5 Bf4} 11. Nd2 Nc6 12. O-O Be7 13. Rc1 Bf6 {LiveBook: 3 Games} 14. a3 (14. Nf3 Qe7 15. h3 g6 16. Bb5 Bd7 17. Qxd5 Be6 18. Qe4 Bxb2 19. Bxc6 {½-½ (94) Carlsen,M (2822)-Nakamura,H (2792) Saint Louis 2017}) 14... g6 15. b4 {[#]} Qe7 $146 ({Predecessor:} 15... a5 16. b5 Ne5 17. Be2 Be6 18. Nb3 {½-½ (41) Kalinitschew,S (2426)-Meier,G (2644) Apolda 2017}) 16. Bb5 Ne5 17. Nb3 Bg4 18. f3 (18. Qd2 {keeps more tension.} Rfd8 19. Nd4 Rac8 20. h3 Be6 21. Bxe5 Bxe5 22. Rfd1) 18... Be6 19. Nd4 Rac8 20. Bxe5 Bxe5 21. Qd2 Rxc1 22. Rxc1 Rc8 23. Rxc8+ Bxc8 24. Be2 Qf6 25. f4 Bxd4 26. Qxd4 Qxd4 27. exd4 $11 {[%mdl 4096] Endgame KB-KB} f6 28. Bf3 Be6 29. f5 gxf5 30. Bd1 Kf8 31. Kf2 {[%mdl 1024] White has compensation.} Bf7 32. Kg3 Kg7 33. Kf4 Be6 34. Bc2 Kg6 35. g4 Bd7 36. h4 ({Much worse is} 36. Bxf5+ Bxf5 37. gxf5+ Kh5 $19) 36... h6 37. Bd3 Kf7 {The position is equal.} 38. Bxf5 Bb5 39. Bc8 b6 40. Bf5 Ba4 41. Bd3 a5 42. bxa5 bxa5 43. Ba6 Bc2 44. Bb7 Ke6 45. Bc8+ Kf7 46. Bd7 Bb3 47. Bf5 Bd1 48. Bh7 Bb3 49. Bb1 Ke6 50. Bf5+ Kf7 51. Bd3 Ke6 52. Bb5 Kf7 53. g5 fxg5+ (53... hxg5+ {is interesting.} 54. hxg5 fxg5+ 55. Kf5 Bc4 56. Bc6 Bd3+) 54. hxg5 hxg5+ 55. Kxg5 {Black must now prevent Kf5.} Bc2 56. Be2 (56. Kf4 $5 {[%cal Rf4e5]}) 56... Ke7 57. Bf3 Ke6 58. Bg4+ Ke7 59. Bf5 Ba4 60. Bh7 Kf7 61. Kf4 {Threatens to win with Ke5.} Kf6 62. Bg8 Bb3 63. Bh7 {Precision: White = 65%, Black = 65%.} 1/2-1/2

[Event "IOM Open-Masters 2017"]
[Site "Douglas"]
[Date "2017.09.26"]
[Round "4"]
[White "Huschenbeth, Niclas"]
[Black "Tarjan, James"]
[Result "1-0"]
[WhiteElo "2596"]
[BlackElo "2412"]
[Annotator "TA"]
[PlyCount "123"]
[EventDate "2017.??.??"]
[EventType "swiss"]
[EventCountry "GBR"]

{[%evp 17,123,0,25,0,0,-7,0,0,0,-2,15,15,15,15,23,11,12,22,12,17,14,7,12,0,7,7,7,7,7,7,8,7,12,12,72,32,54,19,46,37,7,-11,-10,-10,-12,-382,-364,-349,-202,-197,-181,-188,-174,-183,-183,-185,-185,-165,-50,-51,0,0,5,2,2,0,0,0,0,0,0,0,0,0,0,0,27,22,86,8,578,1237,1131,1147,1016,1047,1073,1073,925,1040,1031,942,610,571,592,531,5060,5060,5060,5060,5052,5052,5052,5052,5052,4633,4631,3620]} 1. e4 e5 2. Nf3 Nc6 3. Bc4 Nf6 4. Ng5 d5 5. exd5 Na5 6. Bb5+ c6 7. dxc6 bxc6 8. Bd3 Nd5 {C58: Two Knights: 4 Ng5 d5 5 exd5 Na5 sidelines} 9. h4 (9. Nf3 Bd6 10. O-O O-O 11. Re1 Re8 12. Nc3 f5 13. Nxd5 cxd5 14. Bb5 Bd7 15. Bxd7 Qxd7 16. d3 {½-½ (46) Zhigalko,S (2671)-Amin,B (2662) Doha 2016}) 9... Qc7 {LiveBook: 4 Games} 10. Be4 h6 $146 {The position is equal.} ({Predecessor:} 10... f5 11. Bxd5 cxd5 12. O-O d4 13. d3 Bd6 14. c3 O-O 15. cxd4 exd4 16. Bd2 {1-0 (24) Zhigalko,A (2566)-Kazakovskiy,V (2443) Minsk 2017}) 11. Nf3 Bd6 12. O-O O-O 13. d4 Bg4 (13... exd4 {is interesting.} 14. Qxd4 Rd8 15. Bxd5 cxd5 16. Nc3 Nc6) 14. Bxd5 cxd5 15. dxe5 Bxe5 16. Qxd5 Bxf3 17. Qxf3 Qxc2 18. Nc3 Nc4 19. Re1 Rad8 20. Qe4 Qd3 21. Rb1 Na3 $132 {[%mdl 2048] Black has counterplay} 22. Qxd3 Rxd3 23. bxa3 Bxc3 24. Rf1 Rfd8 25. g3 h5 (25... a5 $11 {remains equal.}) 26. Rb7 a5 27. Bg5 Re8 28. Rc1 Bd4 29. Kg2 f6 30. Bf4 Re2 31. Bh6 $2 {[%mdl 8192]} (31. Rb3 $11 Rxf2+ 32. Kh3 Rxb3 33. axb3) 31... Rxf2+ $19 32. Kh3 Kh7 (32... f5 $142 33. Rc4 Be5) 33. Bxg7 Kg6 34. Bf8 Rdd2 {[%csl Gd2][%cal Rf2h2][%mdl 1024] Black has strong compensation.} ({Inferior is} 34... Rxa2 35. Rg7+ Kf5 36. Rd7 $11) 35. Rh1 Be5 ({Don't take} 35... Rxa2 36. Bd6 $17) 36. Rg7+ Kf5 37. Bc5 Rg2 (37... Rf3 $19 38. Bf8 Rxa2) 38. Bb6 $15 a4 ({Black should play} 38... Rxa2 $15 39. Bc7 Bd4 40. Rf1+ Ke6) 39. Bc7 $1 $11 Rxa2 40. Bxe5 Kxe5 {[%mdl 4096] Endgame KRR-KRR} 41. Rh7 (41. Ra7 {seems wilder.} Kf5 42. Rxa4 Kg6 43. Ra8 Rgf2 44. a4) 41... f5 42. Rxh5 Rgf2 43. Rg5 {Strongly threatening h5.} Kf6 44. Rg8 Kf7 45. Ra8 Rxa3 46. Ra7+ Kg6 47. Rb1 {Rb6+ would kill now.} f4 {[#]} (47... Rb3 $11 48. Rc1 Rb6) 48. h5+ $1 {[%mdl 512]} Kf6 $2 {[%mdl 8192]} (48... Kf5 $1 $11 {and Black has nothing to worry.} 49. Ra5+ Ke6 50. Rb6+ Kd7) (48... Kxh5 49. Rb5+) 49. Rb6+ $18 {White is clearly winning.} Ke5 50. Ra5+ Kd4 51. Rb4+ Ke3 52. Raxa4 Rxa4 53. Rxa4 {KR-KR} f3 54. Ra3+ Ke4 {[#]} 55. Kg4 $1 Rf1 56. h6 Rh1 57. Rxf3 Rxh6 58. Rf8 Rg6+ 59. Kh4 Ke5 60. g4 {[%cal Bg3g4,Bg4g5][%mdl 32]} Ra6 61. g5 Ra1 62. Kh5 {Precision: White = 73%, Black = 40%.} 1-0

[Event "IOM Open-Masters 2017"]
[Site "Douglas"]
[Date "2017.09.26"]
[Round "4"]
[White "Svane, Rasmus"]
[Black "L'Ami, Alina"]
[Result "1/2-1/2"]
[WhiteElo "2595"]
[BlackElo "2286"]
[Annotator "TA"]
[PlyCount "121"]
[EventDate "2017.??.??"]
[EventType "swiss"]
[EventCountry "GBR"]
[SourceTitle "playchess.com"]
[Source "ChessBase"]
[SourceQuality "1"]

{[%evp 14,121,37,47,58,25,31,16,91,37,61,24,29,27,22,23,16,16,65,60,66,52,59,20,47,60,56,56,57,51,39,42,64,45,40,12,14,14,16,9,8,10,11,-4,-12,-14,9,0,0,0,0,0,0,0,0,0,0,0,0,0,0,0,0,0,6,2,6,6,6,0,4,0,0,0,0,0,0,0,0,0,0,0,0,0,0,0,0,0,0,0,0,0,0,0,0,0,0,0,0,0,0,0,0,0,0,0,0,0,0,0]} 1. d4 Nf6 2. c4 g6 3. Nc3 Bg7 4. e4 d6 5. h3 O-O 6. Be3 Na6 7. g4 {E71: King's Indian: 4 e4 d6 5 h3} c5 8. Nge2 {LiveBook: 4 Games} Qa5 $146 ({Predecessor:} 8... b6 9. Bg2 cxd4 10. Nxd4 Bb7 11. O-O Nc5 12. Qc2 e5 13. Nde2 h5 14. f3 Ne6 {1-0 (66) Lupulescu,C (2620)-Nevednichy,V (2547) Calimanesti Caciulata 2017}) 9. Bg2 {White is slightly better.} cxd4 10. Nxd4 Qb4 (10... Be6 $11) 11. a3 (11. O-O $16) 11... Qxc4 $14 12. g5 Nh5 13. Nd5 Nc5 $1 {[%cal Rc5d3] Hoping for ...Nd3+.} 14. b3 Qd3 15. b4 Qxd1+ 16. Rxd1 Ne6 17. Bf3 Nxd4 18. Rxd4 Bxd4 19. Nxe7+ Kh8 $1 20. Bxd4+ Ng7 21. h4 Re8 22. Bf6 Be6 23. h5 gxh5 24. Bxh5 Rxe7 {The position is equal.} 25. Bxe7 Nxh5 26. Rxh5 {[%mdl 4096] Endgame KRB-KRB} Re8 27. Bf6+ Kg8 28. Kd2 Bg4 29. Rh1 Bf3 30. Re1 Bxe4 31. b5 Re6 $1 32. Rc1 {[#] White wants to mate with Rc8+.} h5 33. Rc8+ Kh7 34. Rh8+ Kg6 35. Rh6+ Kf5 36. Rxh5 Re8 37. Rh7 Ke6 38. Rh3 Kd7 39. Bd4 a6 40. bxa6 bxa6 41. Rb3 Rc8 42. Rb4 Rc2+ 43. Ke3 Bd5 44. Rb6 Bc4 45. Bg7 Bb5 {[#] aiming for ...Kc7.} 46. a4 Bxa4 47. Rxa6 Re2+ 48. Kf3 Ra2 49. Ra7+ Ke6 50. Kg3 Bb3 51. Rc7 Bd5 52. Rc3 Ra4 53. f3 Rb4 54. Re3+ Kf5 55. Rd3 Ke6 56. Bc3 Rc4 57. Bd2 Ra4 58. Bc1 Rb4 59. Re3+ Kf5 60. Ba3 Rb3 61. Rxb3 {Precision: White = 68%, Black = 75%.} 1/2-1/2

[Event "IOM Open-Masters 2017"]
[Site "Douglas"]
[Date "2017.09.26"]
[Round "4"]
[White "Tari, Aryan"]
[Black "Adams, Michael"]
[Result "1/2-1/2"]
[WhiteElo "2588"]
[BlackElo "2738"]
[Annotator "TA"]
[PlyCount "84"]
[EventDate "2017.??.??"]
[EventType "swiss"]
[EventCountry "GBR"]
[SourceTitle "playchess.com"]
[Source "ChessBase"]
[SourceQuality "1"]

{[%evp 12,84,35,25,26,25,27,27,28,26,29,29,37,29,43,41,44,27,35,28,43,32,40,31,51,50,52,31,42,37,37,20,43,41,50,45,37,30,34,34,38,42,41,0,7,0,30,22,39,22,12,0,59,58,69,70,69,70,68,44,63,66,77,56,38,0,0,0,0,0,0,0,0,0,0]} 1. d4 Nf6 2. c4 e6 3. Nf3 d5 4. Nc3 a6 5. cxd5 exd5 6. Bg5 {D37: Queen's Gambit Declined: 5 Bf4} (6. Qb3 b5 7. Bg5 Be6 8. Qc2 Nbd7 9. e3 c5 10. dxc5 Bxc5 11. Bd3 h6 12. Bh4 Rc8 13. O-O O-O {½-½ (39) Gelfand,B (2728)-Mamedyarov,S (2800) Geneve 2017}) 6... Be7 7. e3 {LiveBook: 62 Games} h6 8. Bf4 {White has an edge.} Be6 9. h3 Nbd7 10. Bd3 Rc8 11. O-O O-O 12. Rc1 c5 13. dxc5 Nxc5 14. Nd4 {[#]} Re8 $146 ({Predecessor:} 14... b5 15. Nxe6 fxe6 16. Bb1 Bd6 17. Re1 Bxf4 18. exf4 {0-1 (47) Volodin,A (2481)-Ehlvest,J (2586) Harjumaa 2010}) 15. Qe2 Bd6 16. Bxd6 Qxd6 17. Rfd1 g6 18. Bb1 Bd7 19. Qf3 Kg7 20. Nde2 {[%cal Rc3d5]} Na4 21. Rd2 {[%cal Rc3d5]} Nxc3 22. Nxc3 b5 23. Rcd1 {[%cal Rc3d5]} Bc6 24. Rd4 b4 25. Ne2 {[%cal Bc3e2,Be2f4,Bf4d3][%mdl 32]} a5 26. Nf4 Qe5 27. Nd3 Qe7 28. Nf4 Qe5 29. Bc2 Red8 30. Qg3 {[%cal Rc2g6]} Qg5 31. Qf3 Qe5 $1 32. Qe2 Qe7 33. Bb3 Qc5 34. Qd2 h5 35. Bc2 {Hoping for Bxg6!} Qe7 {[#]} 36. e4 $1 {[%mdl 512]} Rd7 {[%cal Rd5e4]} (36... dxe4 37. Rxd8) 37. exd5 (37. e5 {seems wilder.} Qxe5 38. Re1 Qd6 39. Bxg6 fxg6 40. Re6) 37... Nxd5 38. Nxd5 (38. Nxh5+ {is more complex.} gxh5 39. Bf5 Rcd8 40. Bxd7 Rxd7 41. Rd3) 38... Rxd5 {The position is equal.} 39. Rxd5 Bxd5 40. Bxg6 {[#] And now Bf5 would win.} Bxg2 41. Kxg2 fxg6 42. Qd7 Qxd7 {Precision: White = 82%, Black = 69%.} 1/2-1/2

[Event "IOM Open-Masters 2017"]
[Site "Douglas"]
[Date "2017.09.26"]
[Round "4"]
[White "Lenderman, Aleksandr"]
[Black "Eljanov, Pavel"]
[Result "1/2-1/2"]
[WhiteElo "2565"]
[BlackElo "2734"]
[Annotator "TA"]
[PlyCount "136"]
[EventDate "2017.??.??"]
[EventType "swiss"]
[EventCountry "GBR"]
[SourceTitle "playchess.com"]
[Source "ChessBase"]
[SourceQuality "1"]

{[%evp 12,136,22,27,41,21,13,7,14,13,15,1,20,14,7,10,20,9,31,35,21,28,25,5,11,3,22,16,20,19,33,37,43,32,23,27,41,37,34,32,58,42,130,45,84,84,84,84,84,84,84,84,158,170,156,133,97,0,114,114,114,114,114,114,114,114,114,114,114,114,114,114,114,114,114,114,114,114,114,114,114,114,114,114,114,114,114,114,114,114,114,114,114,114,114,114,114,114,114,114,114,114,114,114,114,114,114,114,114,108,108,108,108,108,108,70,70,70,108,70,77,61,70,0,80,0,77]} 1. d4 d5 2. c4 dxc4 3. Nf3 Nf6 4. e3 e6 5. Bxc4 c5 6. O-O a6 7. b3 b6 {D27: Queen's Gambit Accepted: Classical main line: 7 e4!? and 7 a4} (7... Nbd7 8. Bb2 b5 9. Be2 Bb7 10. a4 b4 11. Nbd2 Be7 12. Rc1 O-O 13. dxc5 Bxc5 14. Ne5 Rc8 15. Bf3 Nd5 16. Nxd7 Qxd7 17. Nc4 Qe7 18. Qe2 Ba7 19. g3 Bb8 {½-½ (58) Aronian,L (2793)-Caruana,F (2808) Stavanger 2017}) 8. Bb2 Bb7 9. Be2 Nbd7 10. Nbd2 Be7 11. dxc5 Bxc5 12. Nd4 O-O 13. Bf3 Nd5 $146 ({Predecessor:} 13... Bd5 14. Bxd5 Nxd5 15. Ne4 {½-½ (72) Sergienko,S (2467)-Matveenko,Y (2182) Voronezh 2007}) 14. Rc1 Qe7 15. Nc4 Rfd8 16. a3 a5 17. Nb5 Nf8 {aiming for ...Nxe3.} 18. Qe2 Ng6 19. g3 Ba6 20. a4 Bxb5 21. axb5 Qe8 22. Ne5 (22. h4 {with more complications.} Qxb5 23. h5 Nf8 24. Bg2 Nd7 25. Rfd1) 22... Nxe5 23. Bxe5 Qe7 24. Rfd1 Rd7 25. Bd4 Rc8 26. Rc4 Qf8 (26... Rcc7 $14) 27. Qc2 (27. Bxg7 $16 Kxg7 28. Qb2+ f6 29. e4) 27... Rdc7 28. Bxc5 Rxc5 29. Bxd5 $1 exd5 {[#]} 30. Rxd5 $1 {[%mdl 512]} Rxc4 (30... Rxd5 31. Rxc8) 31. bxc4 $16 {[%mdl 4096] Endgame Strongly threatening c5! KQR-KQR} g6 {[#]} ({Better is} 31... Qb4) 32. c5 $1 {[%cal Rc5c6]} bxc5 {[#] intending ...c4.} 33. b6 $1 {[%cal Rb6b7]} Qe7 34. Qd2 (34. Qd3 $16 {Threatens to win with Rd7.} c4 35. Qd4) 34... Rb8 (34... Qe4 $1 $11) 35. Qxa5 Qe6 36. Qxc5 Qxb6 37. Qxb6 Rxb6 {KR-KR} 38. g4 Rb4 39. h3 {[%cal Bh2h3,Bh3h4][%mdl 32]} Kg7 40. Kg2 h6 41. Kg3 g5 42. h4 Kg6 43. Rd6+ Kg7 44. h5 Rb2 45. Kf3 Ra2 46. Rd1 Rb2 47. Re1 Rb3 48. Re2 Ra3 49. Rd2 Ra4 50. Kg3 Ra3 51. Kg2 Ra4 52. f3 Ra3 53. Kf2 Rb3 54. Ke2 Ra3 55. Rc2 Rb3 56. Kd2 Ra3 57. Rb2 Ra1 58. Rb3 Ra6 59. Kd3 Rd6+ 60. Ke4 Re6+ 61. Kd4 Rf6 62. e4 Rd6+ 63. Ke5 (63. Ke3 {looks sharper.} Kf6 64. Rb7 Ra6 65. Kf2 Re6 66. Rb5) 63... Ra6 64. Rc3 Ra5+ 65. Kd6 Ra6+ 66. Kd7 Ra7+ 67. Kd6 Ra6+ $1 68. Kd7 Ra7+ $1 {Precision: White = 67%, Black = 65%.} 1/2-1/2

[Event "IOM Open-Masters 2017"]
[Site "Douglas"]
[Date "2017.09.26"]
[Round "4"]
[White "Pichot, Alan"]
[Black "Almasi, Zoltan"]
[Result "1-0"]
[WhiteElo "2565"]
[BlackElo "2707"]
[Annotator "TA"]
[PlyCount "131"]
[EventDate "2017.??.??"]
[EventType "swiss"]
[EventCountry "GBR"]
[SourceTitle "playchess.com"]
[Source "ChessBase"]
[SourceQuality "1"]

{[%evp 25,131,27,26,6,0,15,31,20,32,0,0,-16,41,31,81,77,91,89,95,98,121,85,107,110,118,101,110,98,95,60,61,65,102,99,102,102,95,48,61,71,65,51,74,57,52,47,81,32,73,72,107,34,101,68,151,158,161,154,155,160,155,148,175,0,0,5,5,2,8,7,8,6,13,0,0,0,8,-135,0,-338,14,0,308,308,308,308,308,308,352,308,355,308,347,346,452,396,359,329,415,389,382,379,712,690,816,791,729,707]} 1. e4 e5 2. Nf3 Nc6 3. Bb5 {[%cal Bf1b5,Bb5a4,Ba4b3][%mdl 32]} a6 4. Ba4 Nf6 5. O-O Be7 6. Re1 b5 7. Bb3 d6 8. c3 O-O 9. h3 Nb8 10. d4 Nbd7 11. Nbd2 c5 12. Nf1 {C95: Closed Ruy Lopez: Breyer Variation with 10 d4} Re8 13. Ng3 Bf8 {LiveBook: 25 Games} 14. Ng5 {White has an edge.} c4 15. Bc2 h6 16. Nf3 Bb7 17. b3 $146 ({Predecessor:} 17. d5 g6 18. Be3 Qc7 19. Qd2 h5 {0-1 (39) Galdunts,S (2415)-Bartel,M (2649) Biel 2016}) 17... Qc7 18. Bd2 Rac8 (18... exd4 $11 19. Nxd4 d5) 19. d5 $14 cxb3 20. axb3 {[%cal Ba2b3,Bb3b4][%mdl 32]} g6 21. Bd3 Nc5 22. Bf1 Qb6 23. Be3 Qc7 24. Nd2 h5 25. b4 Ncd7 26. c4 bxc4 27. Qc2 (27. Bxc4 $6 h4 $11) 27... c3 28. Nb1 h4 29. Ne2 {[#]} Bxd5 $1 {[%mdl 512]} 30. exd5 Nxd5 31. Qb3 Nxe3 32. fxe3 {[%cal Re2c3]} c2 33. Nbc3 {Threatens to win with Nd5.} Nf6 34. Qxc2 Qb6 35. Qd3 Bh6 36. Kh1 (36. Rxa6 Qxe3+ 37. Qxe3 Bxe3+ 38. Kh2 Bd2 $15) (36. Qxa6 Qxa6 37. Rxa6 Bxe3+ 38. Kh2 Bd2 $17) 36... e4 37. Qxa6 Qxe3 38. Qxd6 (38. Nb5 $16 Rb8 39. Red1 (39. Qxd6 Qf2 $14)) 38... Qf2 (38... Nh5 $14) 39. Nd5 Nxd5 (39... Nh5 $1 $14 40. Qa6 Rcd8) 40. Qxd5 $16 Rcd8 41. Qc4 Rc8 42. Qb3 Be3 43. Red1 Re6 44. g4 $2 (44. b5 $18) 44... hxg3 {[%csl Gg3][%cal Rf2h2]} 45. Bg2 Qxe2 46. Re1 Qf2 {aiming for ...Ra6!} (46... Ra6 $6 47. Rad1 $16) 47. Rxe3 Rc2 {[%csl Gc2][%cal Rf2g2]} 48. Rg1 $1 ({Of course not} 48. Rxg3 e3 $17) 48... Qd2 {White must now prevent ...Rc1.} 49. Ree1 e3 $1 50. b5 Kg7 51. Rb1 (51. b6 $11 {keeps the balance.} Rb2 52. Qc4) 51... Rf6 ({Black should play} 51... Qf2 $17 {And now ...Re5 would win.} 52. b6 e2 $3 {[%mdl 512]}) 52. Qb4 $2 {[%mdl 8192] [#]} (52. Qa4 $1 $11 {and White is okay.} Qd3 53. Rgd1) 52... Qd7 $2 (52... Qd3 $1 $19 {( -> ...Rxg2!)} 53. Rb2 Rcf2) 53. Qh4 {Hoping for b6.} Qc7 $2 {[%mdl 8192]} ({Avoid the trap} 53... Qd6 $2 54. b6 $18) (53... Rf3 $11 {and Black stays safe.}) 54. Qd4 $18 Qb6 {[#]} 55. Qxb6 $1 Rxb6 56. Rge1 Rc3 57. Bf1 f5 58. Kg2 f4 59. Be2 Rc2 60. Kf3 g5 61. Rec1 Rxc1 62. Rxc1 Kf6 63. Ra1 {Strongly threatening Ra6.} ({Weaker is} 63. Rc6+ Rxc6 64. bxc6 Ke6 $16) 63... Rb8 $2 (63... Rd6 64. Ra6 Ke7) 64. Ra6+ {White is clearly winning.} Kg7 65. Rc6 Rd8 66. Rc5 {Precision: White = 54%, Black = 39%.} 1-0